VMS Library
Email : library.aptu@gmail.com / Tel. 0-2986-9605-6 ext.2003 / Line Official : @vmslibrary
เปลี่ยนเป็นภาษาไทย

Change to English
 แสดงรายละเอียดบรรณานุกรม
  กลับหน้าหลัก

Brief Record : Get Marc (ISO 2709) : E-mail record : QR code ปิดหน้าต่าง
E-Book หนังสือทั่วไป : เกี่ยวกับ Collections
LEADER 00000nam 2200000uu 4500
001    13399137002
003     ULIBM
008    260422s2569||||th 000 0 tha d
020    ^a9786160856220
050    ^aHG1710 ^b.อ573 2569
100 1  ^aอัลเดน, ลิน.
245 14 ^aBroken money : ^bเงินปล้นโลก / ^cโดย Lyn Alden ; เรียบเรียงโดย สมนึก Right Shift, จิงโจ้ Right Shift, กฤตนัย เพียรเจริญ และวัชรพงศ์ ฤทธิ์คัมภีร์.
260    ^aกรุงเทพฯ : ^bบริษัท ซีเอ็ดยูเคชั่น จำกัด (มหาชน), ^c2569.
300    ^a848 หน้า : ^bภาพประกอบ.
500    ^aแปลจาก: Broken money. c2023.
650 4  ^aนโยบายการเงิน
650 4  ^aภูมิรัฐศาสตร์ ^xแง่เศรษฐกิจ.
650 4  ^aเงินตรา.
700 0  ^aสมนึก Right Shift.
700 0  ^aจิงโจ้ Right Shift.
700 0  ^aกฤตนัย เพียรเจริญ.
700 0  ^aวัชรพงศ์ ฤทธิ์คัมภีร์.
700 0  ^aAlden, Lyn.
740 4  ^aBroken money.
999    ^aปวีนา มาลยาภรณ์
รายการนี้ยังไม่มีแท็ก
คุณยังไม่ได้ล็อกอิน คุณสามารถมีกิจกรรมร่วมกับเว็บไซต์ได้ แต่ต้องล็อกอินก่อน ::
  ล็อกอิน
ลำดับที่ ประเภท เลขเรียก/บาร์โค้ด สถานที่ สถานะ
1. หนังสือ
หนังสือ
HG1710 .อ573 2569  
  Barcode: 3 26 025536
หนังสือทั่วไป On Shelf
  ขอยืม
   [แสดง 1/1 รายการ]

BibComment


ยังไม่เคยถูกคอมเมนท์

คอมเมนท์ทรัพยากรรายการนี้
  คอมเมนท์: Broken money เ..
Bib 13399137002
 
 
 

 Union Library Management : ULibM
Copyright 2026. All Rights Reserved.